Instructor's manual for use with modern advanced accounting
Αποθηκεύτηκε σε:
| Κύριος συγγραφέας: | |
|---|---|
| Μορφή: | Βιβλίο |
| Γλώσσα: | English |
| Δημοσίευση: |
New York :
McGraw- Hill,
c1997
|
| Έκδοση: | 17th ed. |
| Θέματα: | |
| Ετικέτες: |
Προσθήκη ετικέτας
Δεν υπάρχουν, Καταχωρήστε ετικέτα πρώτοι!
|
MARC
| LEADER | 00000nam a2200000 i 4500 | ||
|---|---|---|---|
| 001 | 1/65019 | ||
| 008 | 980818s1997 eng d | ||
| 020 | |a 0070367116 | ||
| 035 | |l 10029544 | ||
| 040 | |a GR-MY-UA |b gre |e aacr | ||
| 041 | 0 | |a eng | |
| 082 | 0 | |a 657.046 | |
| 100 | 1 | |a Larsen, E. John. | |
| 245 | 1 | 0 | |a Instructor's manual for use with modern advanced accounting / |c E. John Larsen |
| 250 | |a 17th ed. | ||
| 260 | |a New York : |b McGraw- Hill, |c c1997 | ||
| 300 | |a 83 σ. | ||
| 650 | 0 | 0 | |a Accounting. |
| 852 | |a INST |b CHIOS |e 19980818 |h 657.046 LAR |p 005200015954 |q 005200015954 |t BK |y 0 | ||
| 901 | |a BIBL-1998-2 | ||
| 909 | |a Χ |b 058322 | ||
| 922 | |a 2ΕΛΗ |b 199807 |c ΤΔΕ |d ΠΑΠΑΣΩΤΗΡΙΟΥ | ||